Internal Combustion Engines (Record no. 3531)
[ view plain ]
| 000 -LEADER | |
|---|---|
| fixed length control field | 00370nam a2200145Ia 4500 |
| 008 - FIXED-LENGTH DATA ELEMENTS--GENERAL INFORMATION | |
| fixed length control field | 191201s2008 xx 000 0 und d |
| 082 ## - DEWEY DECIMAL CLASSIFICATION NUMBER | |
| Classification number | 621.43 |
| Item number | RAI |
| 100 ## - MAIN ENTRY--PERSONAL NAME | |
| Personal name | RAMALINGAM, K.K. |
| 245 #0 - TITLE STATEMENT | |
| Title | Internal Combustion Engines |
| 250 ## - EDITION STATEMENT | |
| Edition statement | 2nd |
| 260 ## - PUBLICATION, DISTRIBUTION, ETC. (IMPRINT) | |
| Place of publication, distribution, etc | - |
| Name of publisher, distributor, etc | Scitech Publication Chennai and Hadrabad |
| Date of publication, distribution, etc | 2008 |
| 300 ## - PHYSICAL DESCRIPTION | |
| Extent | misc. |
| 650 ## - SUBJECT ADDED ENTRY--TOPICAL TERM | |
| Topical term or geographic name as entry element | B.Tech(ME) |
| 942 ## - ADDED ENTRY ELEMENTS (KOHA) | |
| Source of classification or shelving scheme | Dewey Decimal Classification |
| Koha item type | Text Books |
| Withdrawn status | Lost status | Source of classification or shelving scheme | Damaged status | Not for loan | Collection code | Home library | Current library | Date acquired | Source of acquisition | Cost, normal purchase price | Bill Number | Total Checkouts | Full call number | Acc. no. / Barcode | Date last seen | Bill Date | Koha item type | Date last borrowed |
|---|---|---|---|---|---|---|---|---|---|---|---|---|---|---|---|---|---|---|
| Dewey Decimal Classification | B.Tech(ME) | PIET C-LIBRARY | PIET C-LIBRARY | 03/10/2008 | J B C, New Delhi | 360.00 | S1-2188 | 621.43 RAI | 9481 | 04/12/2019 | 01/08/2008 | Text Books | ||||||
| Dewey Decimal Classification | B.Tech(ME) | PIET C-LIBRARY | PIET C-LIBRARY | 03/10/2008 | J B C, New Delhi | 360.00 | S1-2188 | 1 | 621.43 RAI | 9482 | 27/06/2024 | 01/08/2008 | Text Books | 19/06/2024 | ||||
| Dewey Decimal Classification | B.Tech(ME) | PIET C-LIBRARY | PIET C-LIBRARY | 03/10/2008 | J B C, New Delhi | 360.00 | S1-2188 | 621.43 RAI | 9483 | 04/12/2019 | 01/08/2008 | Text Books | ||||||
| Dewey Decimal Classification | B.Tech(ME) | PIET C-LIBRARY | PIET C-LIBRARY | 03/10/2008 | J B C, New Delhi | 360.00 | S1-2188 | 621.43 RAI | 9484 | 04/12/2019 | 01/08/2008 | Text Books | ||||||
| Dewey Decimal Classification | B.Tech(ME) | PIET C-LIBRARY | PIET C-LIBRARY | 03/10/2008 | J B C, New Delhi | 360.00 | S1-2188 | 621.43 RAI | 9485 | 04/12/2019 | 01/08/2008 | Text Books |